Digital Doctrina : (Record no. 178154)

MARC details
000 -LEADER
fixed length control field 00624nam a22001817a 4500
005 - DATE AND TIME OF LATEST TRANSACTION
control field 20210318171304.0
010 ## - LCCN (DPL NO)
LC control number ENG-129249
020 ## - INTERNATIONAL STANDARD BOOK NUMBER
International Standard Book Number 9788194738886
Terms of availability 750.00
035 ## - SYSTEM CONTROL NUMBER
System control number EN-112781
037 ## - SOURCE OF ACQUISITION
Source of stock number/acquisition DBAD/PUB
082 ## - DEWEY DECIMAL CLASSIFICATION NUMBER
Classification number 378.00285
245 ## - TITLE STATEMENT
Title Digital Doctrina :
Statement of responsibility, etc edited by S. Anbalagan
Remainder of title A Swift from Conventional Learning to virtual learning/
260 ## - PUBLICATION, DISTRIBUTION, ETC. (IMPRINT)
Name of publisher, distributor, etc Krishna Publication House
Place of publication, distribution, etc Gujarat
Date of publication, distribution, etc 2020
270 ## - ADDRESS
Address No. 303, Yash Kunj Apartment, Devbaug, Anantwadi, Bhavnagar
City Gujarat
Postal code 364002
300 ## - PHYSICAL DESCRIPTION
Extent v+187p.
Dimensions 22cm(pbk)
700 ## - ADDED ENTRY--PERSONAL NAME
Personal name Anbalagan, S. ed.
942 ## - ADDED ENTRY ELEMENTS (KOHA)
Source of classification or shelving scheme Dewey Decimal Classification
Item type English Books
Classification part 378.00285
Call number suffix DIG
Holdings
Withdrawn status Lost status Not for loan Collection code Home library Current library Date acquired Source of acquisition Cost, normal purchase price Full call number Barcode Copy number Cost, replacement price Koha item type
      Non-fiction Ashok Vihar Ashok Vihar 18/03/2021 DBAD/PUB 750.00 378.00285 DIG EN-112781 1 750.00 English Books

© Delhi Public Library
Hit Counter
free hit counter